[Event "Berlin Lieb Memorial 3rd"]
[Site "Berlin"]
[Date "2017.06.02"]
[Round "3"]
[White "Reeder, Friedrich"]
[Black "Koenig, Frank"]
[Result "0-1"]
[WhiteElo "1370"]
[BlackElo "1926"]
[PlyCount "58"]
[EventDate "2017.05.11"]
[EventType "swiss"]
[EventRounds "7"]
[EventCountry "GER"]
[SourceTitle "CBM 189 Extra"]
[Source "ChessBase"]
[SourceDate "2019.06.03"]
[SourceVersion "1"]
[SourceVersionDate "2019.06.03"]
[SourceQuality "1"]

1. e4 c5 2. Nf3 g6 3. c3 Bg7 4. Bc4 Nc6 5. d4 cxd4 6. cxd4 e6 7. 0-0 Nge7 8. Bg5 h6 9. Be3 0-0 10. Na3 d5 11. exd5 Nxd5 12. Nc2 a6 13. a3 b5 14. Ba2 Bb7 15. Qd2 Kh7 16. Rfe1 Nce7 17. Rad1 Rc8 18. Bb1 Nf5 19. Bf4 Nxf4 20. Qxf4 Qc7 21. Qg4 Rfd8 22. Ne5 h5 23. Qe2 Nh4 24. g4 Bxe5 25. dxe5 Bf3 26. Rxd8 Bxe2 27. Rxc8 Qxe5 28. gxh5 Nf3+ 29. Kh1 Qxh2# 0-1